| Поле | Название | Значение |
| |
Тип записи |
a |
| |
Библиографический уровень |
m |
| 001 |
Контрольный номер |
f0175de3a4e340caa2023d6c43e81eaa |
| 005 |
Дата корректировки |
20140526192701.2 |
| 010 |
Индекс ISBN |
__ |
| a |
ISBN |
978-5-394-01213-6 |
| 101 |
Язык документа |
0_ |
| a |
Язык текста |
rus |
| 102 |
Страна публикации |
__ |
| a |
Страна публикации |
RU |
| 200 |
Заглавие и сведения об ответственности |
1_ |
| a |
Заглавие |
Информационные технологии в финансово-банковской сфере |
| e |
Сведения, относящиеся к заглавию |
учеб. пособие |
| f |
Первые сведения об ответственности |
В. М. Вдовин, Л. Е. Суркова |
| 210 |
Выходные данные |
1_ |
| c |
Издательство |
Дашков и К |
| a |
Место издания |
Москва |
| d |
Дата издания |
2012 |
| 215 |
Физическое описание |
__ |
| a |
Объем |
300, [2] с. |
| 610 |
Ключевые слова |
0_ |
| a |
Ключевые слова |
банки |
| 610 |
Ключевые слова |
0_ |
| a |
Ключевые слова |
финансы |
| 610 |
Ключевые слова |
0_ |
| a |
Ключевые слова |
информационные технологии |
| 610 |
Ключевые слова |
0_ |
| a |
Ключевые слова |
первичная финансовая информация |
| 610 |
Ключевые слова |
0_ |
| a |
Ключевые слова |
statistica |
| 610 |
Ключевые слова |
0_ |
| a |
Ключевые слова |
deductor |
| 610 |
Ключевые слова |
0_ |
| a |
Ключевые слова |
финансовый анализ |
| 610 |
Ключевые слова |
0_ |
| a |
Ключевые слова |
финансовое планирование |
| 610 |
Ключевые слова |
0_ |
| a |
Ключевые слова |
АИС предприятия |
| 610 |
Ключевые слова |
0_ |
| a |
Ключевые слова |
банковская информация |
| 610 |
Ключевые слова |
0_ |
| a |
Ключевые слова |
учебное пособие |
| 686 |
Индексы других классификаций |
__ |
| a |
Классификационный индекс |
65.9(2)262.5 |
| 2 |
Код системы |
rubbk |
| 686 |
Индексы других классификаций |
__ |
| a |
Классификационный индекс |
32.973.202я73 |
| 2 |
Код системы |
rubbk |
| 700 |
Автор |
_1 |
| a |
Фамилия |
Вдовин |
| b |
Имя |
В. М. |
| g |
Полное личное имя |
Виктор Михайлович |
| 701 |
Альтернативная интеллектуальная ответственность |
_1 |
| a |
Фамилия |
Суркова |
| b |
Имя |
Л. Е. |
| g |
Полное личное имя |
Людмила Евгеньевна |
| 801 |
Источник записи |
_0 |
| a |
Страна |
RU |
| b |
Организация |
РУК |
| c |
Дата составления |
20120307 |
| g |
Правила каталогизации |
PSBO |
| 801 |
Источник записи |
_1 |
| a |
Страна |
RU |
| b |
Организация |
РУК |
| c |
Дата составления |
20120307 |
| g |
Правила каталогизации |
PSBO |
| 852 |
Данные о местонахождении |
__ |
| i |
Авторский знак |
В 25 |
| j |
Шифр хранения |
ББК 65.9(2)26 |
| 901 |
Тип документа |
__ |
| t |
Тип документа |
m |
| 912 |
Принадлежность преподавателя к РУК |
__ |
| a |
Принадлежность преподавателя к РУК |
Преподаватель Головного вуза |
| 938 |
Служебная информация |
__ |
| a |
Название организации |
Головной вуз |
| b |
Имя БД |
BOOK |
| c |
Название АИБС |
АИБС ИРБИС |
| 952 |
Тип литературы |
__ |
| c |
Вид литературы |
учебное пособие |